| 000 | 00575nam a2200193Ia 4500 | ||
|---|---|---|---|
| 001 | 63366 | ||
| 008 | 190617n2019 ii |||gr||||Z||||||465 | ||
| 020 | _a9781684666560 | ||
| 082 | _a333.918 | ||
| 100 |
_aSharma, Pradip, _eEditor. |
||
| 245 | 0 |
_aHarnessing wetlands for sustainable livelihood _cEdited by Pradip Sharma _hTextual Documents |
|
| 250 | _a1st ed. | ||
| 260 |
_aChennai _bNotion Press _c2019 |
||
| 300 |
_axvi, 385pg: _c23cm. |
||
| 653 | _aEnglish | ||
| 653 | _awetlands, sustainable livelihood, Harnessing wetlands, | ||
| 653 | _aPG-English | ||
| 942 |
_2ddc _cBK |
||
| 999 |
_c64470 _d64470 |
||